000 01018nac a2200313 i 4500
003 EG-GICUC
005 20260121101542.0
008 824201s2011 enk fr 000 0 eng d
020 _a9780754693598
020 _a9780754676812
040 _aEG-GiCUC
_beng
_cEG-GiCUC
_dEG-GiCUC
_erda
082 0 4 _221
_a343.6
092 0 4 _221
099 _aLaw 10 2011
245 0 0 _aComparative criminal justice and globalization /
_cedited by David Nelken.
264 _aFarnham Surrey England ؛
_aBurlington, VT :
_bAshgate Pub. Company,
_c2011.
300 _ax, 215 pages ;
_c24 cm
336 _2rda content
_atext
337 _2rda media
_aComputer
338 _2rda carrier
_aOnline Resource
490 _3Advances in criminology.
504 _aIncludes bibliographical references and index.
650 1 0 _aCriminal justice, Administration of.
650 1 0 _aGlobalization
650 1 0 _aCriminology
856 4 0 _uhttps://fll.law.cu.edu.eg/fulltext/bks/ENGB10-00095.pdf
905 _a10
942 _2ddc
_cBK
_e21
_n0
999 _c52787
_d52787